<?xml version="1.0" encoding="UTF-8"?><?xml-stylesheet type="text/xsl" href="static/style.xsl"?><OAI-PMH xmlns="http://www.openarchives.org/OAI/2.0/" xmlns:xsi="http://www.w3.org/2001/XMLSchema-instance" xsi:schemaLocation="http://www.openarchives.org/OAI/2.0/ http://www.openarchives.org/OAI/2.0/OAI-PMH.xsd"><responseDate>2026-06-01T12:32:18Z</responseDate><request verb="GetRecord" identifier="oai:riuma.uma.es:10630/38739" metadataPrefix="marc">https://riuma.uma.es/rest/oai/request</request><GetRecord><record><header><identifier>oai:riuma.uma.es:10630/38739</identifier><datestamp>2026-02-03T10:25:45Z</datestamp><setSpec>com_10630_1685</setSpec><setSpec>col_10630_38055</setSpec></header><metadata><record xmlns="http://www.loc.gov/MARC21/slim" xmlns:dcterms="http://purl.org/dc/terms/" xmlns:doc="http://www.lyncode.com/xoai" xmlns:xsi="http://www.w3.org/2001/XMLSchema-instance" xsi:schemaLocation="http://www.loc.gov/MARC21/slim http://www.loc.gov/standards/marcxml/schema/MARC21slim.xsd">
   <leader>00925njm 22002777a 4500</leader>
   <datafield ind2=" " ind1=" " tag="042">
      <subfield code="a">dc</subfield>
   </datafield>
   <datafield ind2=" " ind1=" " tag="720">
      <subfield code="a">Rocataliata García, María Victoria</subfield>
      <subfield code="e">author</subfield>
   </datafield>
   <datafield ind2=" " ind1=" " tag="260">
      <subfield code="c">2023-12</subfield>
   </datafield>
   <datafield ind2=" " ind1=" " tag="520">
      <subfield code="a">En este trabajo se ha realizado un estudio sobre la resistencia a fatiga mediante flexión rotativa de probetas impresas con material PLA cambiando sus parámetros de densidad de relleno y el estudio de otro patrón. Junto con un ensayo del estudio de sus desviaciones geométricas.&#xd;
Para ello se han realizado mediciones dimensionales, realizado sus estudios de desviaciones geométricas y puestas en ensayo de fatiga o flexión rotativa de las probetas a las se le ha variado el patrón y dentro de los dos patrones, la densidad de relleno de cada una.&#xd;
Para finalizar se han realizado la comparativa de los resultados para obtener el grado de influencia de estos parámetros sobre el comportamiento estudiado.</subfield>
   </datafield>
   <datafield ind1="8" ind2=" " tag="024">
      <subfield code="a">https://hdl.handle.net/10630/38739</subfield>
   </datafield>
   <datafield tag="653" ind2=" " ind1=" ">
      <subfield code="a">Materiales - Fatiga - Trabajos fin de grado</subfield>
   </datafield>
   <datafield tag="653" ind2=" " ind1=" ">
      <subfield code="a">Procesos de fabricación - Trabajos fin de grado</subfield>
   </datafield>
   <datafield ind2="0" ind1="0" tag="245">
      <subfield code="a">Estudio experimental y análisis de la influencia del porcentaje de relleno en piezas impresas sobre el comportamiento a fatiga</subfield>
   </datafield>
</record>
</metadata></record></GetRecord></OAI-PMH>